000
00233 a2200109 4500
020
_a
9780822562443
041
_a
spa
100
_a
Lessem,Don
245
_a
Gigantes Marinos de la Epoca de los Dinosaurios
942
_c
BK
952
_7
4
999
_c
19620
_d
19620